00305nam a2200145Ia 45000030006000000080041000060400015000471000030000622450015000922500006001072600009001133000006001225460014001280050017001420STCL150530s9999 xx 000 0 und d aSTCLcSTCL aKuttipuzha Krishna Pillai aSahithiyam a2 c1933 a0 aMalayalam20220125171728.0